Detalles sobre los programas de acción propuestos por el PIMA para el mercadeo de produtos alimenticios
Shranjeno v:
| Korporativna značnica: | |
|---|---|
| Format: | Texto |
| Izdano: |
Costa Rica :
IFAM. PIMA
|
| Teme: | |
| Oznake: |
Označite
Brez oznak, prvi označite!
|
MARC
| LEADER | 00000 a a2200000 04500 | ||
|---|---|---|---|
| 001 | 17555 | ||
| 003 | |||
| 040 | |||
| 020 | |a [sin ISBN] | ||
| 022 | |a [sin ISBN] | ||
| 090 | |a 0001 I59d | ||
| 110 | |a Instituto de Fomento y Asesoría Municipal | ||
| 245 | |a Detalles sobre los programas de acción propuestos por el PIMA para el mercadeo de produtos alimenticios | ||
| 260 | |a Costa Rica : |b IFAM. PIMA | ||
| 300 | |a 32 páginas | ||
| 650 | |a MERCADEO | ||
| 650 | |a PRODUCCION AGROPECUARIAALIMENTOS | ||
| 999 | |c 15245 |d 15245 | ||
